Formula 1 A-Z #2 - Statistics

General Stats
  • This quiz has been taken 2,493 times
    2,476 since last reset
  • The average score is 16 of 26
Answer Stats
Letter Hint Answer % Correct
C Another term for race track Circuit
86%
I The darkest weekend of Formula 1 took place in that City in 1994 Imola
81%
V 4 time F1 champion from Heppenheim (Germany) Sebastian Vettel
81%
W Team principal of Mercedes Toto Wolff
81%
A Country which held a European Grand Prix although, according to some definitions it isn´t a part of Europe Azerbaijan
76%
Y Name of the race track in Abu Dhabi Yas Marina Circuit
75%
F First ever F1 Champion Giuseppe Farina
74%
G Teammate of Kimi Raikkonen in 2020 Antonio Giovinazzi
72%
J Country which hosted the Pacific Grand Prix in 1994 and 1995 Japan
70%
N Famous F1 track located in the "Eifel" area in Germany Nürburgring Nordschleife
70%
U Name of the second softest tire compound in 2018 Ultrasoft
69%
O An intentional pitstop after your opponent, is called Overcut
67%
L F1 race was held in this american city in 1981 and 1982 Las Vegas
65%
B Driver who raced with 326 races the third most of all time Rubens Barrichello
65%
M Middle name of the only Argentinian F1 champion Juan Manuel Fangio
62%
S Only african World Champion Jody Scheckter
60%
Z Famous F1 Track who gets a relive in 2021 Zandvoort
60%
H Only driver who managed to win the triple crown of motorsport Graham Hill
56%
P Name any team with this letter Pacific/Parnelli/Penske/Porsche/Prost
55%
R Only driver who won the F1 Championship after a tragic death in the Italian Grand Prix Jochen Rindt
52%
E Grand Prix of Portugal took place there from 1984-1996 Estoril
44%
D Famous Race Track in Great Britain where Ayrton Senna drove the "greatest lap" in F1 history in very wet conditions Donington Park
39%
K Straight after the famous Eau Rouge, Radion corners Kemmel Straight
38%
T Ayrton Senna made his F1 debut for this team Toleman
37%
X last name ends with x, french F1 driver who raced from 1978 to 1989 an won 7 F1 races René Arnoux
34%
Q Austrian racing driver who competed in his only F1 race in the Austrian Grand Prix in 1974 Dieter Quester
7%
No matching quizzes found
Score Distribution
Percent of People with Each Score
Percentile by Number Answered
Your Score History
You have not taken this quiz since the last reset